[Event "IECG TE.2003.P.01203 email"]
[Site "IECG email"]
[Date "2003.08.18"]
[Round "?"]
[White "Malmstroem, Jan"]
[Black "Sharapan, Dmitry"]
[Result "1-0"]
[WhiteElo "1860"]
[BlackElo "2150"]
[PlyCount "29"]
[EventDate "2003.08.18"]
[EventType "tourn (corr)"]
[EventRounds "12"]
[SourceTitle "Corr 2008"]
[Source "ChessBase"]
[SourceDate "2008.06.24"]
[SourceVersion "1"]
[SourceVersionDate "2008.06.24"]
[SourceQuality "1"]

1. e4 d5 2. exd5 Qxd5 3. Nc3 Qd6 4. Nf3 Nf6 5. d4 a6 6. Bd3 e6 7. 0-0 Be7 8. Re1 0-0 9. Ne4 Nxe4 10. Rxe4 b5 11. c3 Bb7 12. Bf4 Qb6 13. Re3 Nd7 14. Ne5 Nf6 15. Bg5 1-0

[Event "CFriend SH-2003-0-00010 email"]
[Site "Chessfriend.com"]
[Date "2003.08.05"]
[Round "?"]
[White "Peto, Peter"]
[Black "Sharapan, Dmitry"]
[Result "1-0"]
[WhiteElo "2021"]
[BlackElo "1781"]
[PlyCount "33"]
[EventDate "2003.08.05"]
[EventType "tourn (corr)"]
[EventRounds "8"]
[SourceTitle "Corr 2008"]
[Source "ChessBase"]
[SourceDate "2008.06.24"]
[SourceVersion "1"]
[SourceVersionDate "2008.06.24"]
[SourceQuality "1"]

1. e4 e5 2. f4 exf4 3. Nf3 g5 4. h4 g4 5. Ne5 d6 6. Nxg4 Be7 7. d4 Bxh4+ 8. Nf2 Qg5 9. Nc3 Nf6 10. Qf3 Ng4 11. Ncd1 Bg3 12. Qxg3 fxg3 13. Bxg5 gxf2+ 14. Nxf2 0-0 15. Bd3 Nxf2 16. Kxf2 Nc6 17. Bf6 1-0

[Event "IECG CA.2003.0.00101 email"]
[Site "IECG email"]
[Date "2003.08.03"]
[Round "?"]
[White "Andersen, Henrik N"]
[Black "Sharapan, Dmitry"]
[Result "1/2-1/2"]
[WhiteElo "2031"]
[BlackElo "2150"]
[PlyCount "39"]
[EventDate "2003.08.03"]
[EventType "tourn (corr)"]
[EventRounds "6"]
[SourceTitle "Corr 2008"]
[Source "ChessBase"]
[SourceDate "2008.06.24"]
[SourceVersion "1"]
[SourceVersionDate "2008.06.24"]
[SourceQuality "1"]

1. e4 e5 2. Nc3 Nf6 3. d4 exd4 4. Qxd4 Nc6 5. Qa4 Bc5 6. Nf3 Ng4 7. h3 Nge5 8. Nxe5 Nxe5 9. Qb5 b6 10. Be3 a5 11. Bxc5 Ba6 12. Qa4 bxc5 13. Bxa6 Rxa6 14. 0-0 Nf3+ 15. Kh1 Rg6 16. Ne2 Qg5 17. Ng3 h5 18. Rad1 0-0 19. gxf3 h4 20. Rg1 1/2-1/2

[Event "IECG CA.2003.0.00101 email"]
[Site "IECG email"]
[Date "2003.08.03"]
[Round "?"]
[White "Sharapan, Dmitry"]
[Black "Valverde Toresano, Andres"]
[Result "1/2-1/2"]
[WhiteElo "2150"]
[BlackElo "2124"]
[PlyCount "38"]
[EventDate "2003.08.03"]
[EventType "tourn (corr)"]
[EventRounds "6"]
[SourceTitle "Corr 2008"]
[Source "ChessBase"]
[SourceDate "2008.06.24"]
[SourceVersion "1"]
[SourceVersionDate "2008.06.24"]
[SourceQuality "1"]

1. f4 e5 2. e4 d5 3. exd5 c6 4. Nc3 exf4 5. Nf3 Nf6 6. d4 Bd6 7. Qe2+ Qe7 8. Qxe7+ Kxe7 9. Bc4 b5 10. Bb3 b4 11. Ne2 Nxd5 12. Bxd5 cxd5 13. Bxf4 Nc6 14. 0-0-0 Bg4 15. Rhe1 Bxf3 16. gxf3 Kd7 17. Rg1 Rhe8 18. Bxd6 Kxd6 19. Nf4 g6 1/2-1/2

[Event "IECC TH-M email"]
[Site "IECC email"]
[Date "2003.07.08"]
[Round "?"]
[White "Sharapan, Dmitry"]
[Black "Canizares Cuadra, Pedro"]
[Result "0-1"]
[WhiteElo "1969"]
[BlackElo "1916"]
[PlyCount "42"]
[EventDate "2003.??.??"]
[EventType "match (corr)"]
[EventRounds "2"]
[SourceTitle "Corr 2008"]
[Source "ChessBase"]
[SourceDate "2008.06.24"]
[SourceVersion "1"]
[SourceVersionDate "2008.06.24"]
[SourceQuality "1"]

1. d4 d5 2. e4 dxe4 3. Nc3 Nf6 4. f3 exf3 5. Nxf3 Bg4 6. h3 Bxf3 7. Qxf3 c6 8. Be3 e6 9. Bd3 Nbd7 10. g4 h6 11. 0-0-0 Bb4 12. Ne4 Nxe4 13. Bxe4 Nf6 14. g5 Nxe4 15. Qxe4 Qd5 16. Qg4 h5 17. Qf4 Bd6 18. Qf2 Qxa2 19. c3 a5 20. Rhf1 0-0 21. Qf3 a4 0-1

[Event "IECC TH-M email"]
[Site "IECC email"]
[Date "2003.02.14"]
[Round "?"]
[White "Sharapan, Dmitry"]
[Black "Marcotulli, Giancarlo"]
[Result "0-1"]
[WhiteElo "2000"]
[BlackElo "2301"]
[PlyCount "48"]
[EventDate "2003.??.??"]
[EventType "match (corr)"]
[EventRounds "2"]
[SourceTitle "Corr 2008"]
[Source "ChessBase"]
[SourceDate "2008.06.24"]
[SourceVersion "1"]
[SourceVersionDate "2008.06.24"]
[SourceQuality "1"]

1. d4 Nf6 2. c4 c5 3. d5 b5 4. Nf3 g6 5. cxb5 a6 6. Nc3 Bg7 7. e4 axb5 8. e5 Ng4 9. Bf4 b4 10. Nb5 d6 11. exd6 0-0 12. h3 Nf6 13. Nc7 Ra5 14. dxe7 Qxe7+ 15. Qe2 Qd7 16. d6 Na6 17. Ne5 Qf5 18. Bh2 Nxc7 19. dxc7 Re8 20. f4 Nd5 21. g4 Qe6 22. Qf3 Nxc7 23. Rc1 Ba6 24. Bxa6 Qxa6 0-1

[Event "IECG TE.2002.P.01107 email"]
[Site "IECG email"]
[Date "2002.12.30"]
[Round "?"]
[White "Nett, Philipp"]
[Black "Sharapan, Dmitry"]
[Result "1-0"]
[WhiteElo "1683"]
[BlackElo "2150"]
[PlyCount "59"]
[EventDate "2002.12.30"]
[EventType "tourn (corr)"]
[EventRounds "10"]
[SourceTitle "Corr 2008"]
[Source "ChessBase"]
[SourceDate "2008.06.24"]
[SourceVersion "1"]
[SourceVersionDate "2008.06.24"]
[SourceQuality "1"]

1. d4 Nf6 2. c4 c5 3. d5 e6 4. Nf3 exd5 5. cxd5 g6 6. Nc3 Bg7 7. Bf4 d6 8. Qa4+ Bd7 9. Qb3 Qc7 10. Nd2 Nh5 11. Bg5 h6 12. Be3 f5 13. Nc4 0-0 14. Rc1 Na6 15. Bd2 Rab8 16. a4 Nb4 17. Nb5 Bxb5 18. axb5 Nf6 19. Bxb4 cxb4 20. g3 Qc5 21. Bg2 Ne4 22. e3 Qxd5 23. Qxb4 Qd3 24. Rd1 Qc2 25. 0-0 Kh8 26. Rc1 Qd3 27. Rfd1 Qe2 28. Bxe4 fxe4 29. Rd2 Qf3 30. Nxd6 1-0

[Event "IECG TE.2002.P.01107 email"]
[Site "IECG email"]
[Date "2002.12.30"]
[Round "?"]
[White "Sharapan, Dmitry"]
[Black "Bibens, Jean Paul"]
[Result "0-1"]
[WhiteElo "2150"]
[BlackElo "2000"]
[PlyCount "60"]
[EventDate "2002.12.30"]
[EventType "tourn (corr)"]
[EventRounds "10"]
[SourceTitle "Corr 2008"]
[Source "ChessBase"]
[SourceDate "2008.06.24"]
[SourceVersion "1"]
[SourceVersionDate "2008.06.24"]
[SourceQuality "1"]

1. d4 Nf6 2. c4 c5 3. d5 e6 4. Nc3 exd5 5. cxd5 Bd6 6. Nf3 Bc7 7. d6 Ba5 8. e4 Nxe4 9. Bc4 Nxc3 10. bxc3 Bxc3+ 11. Bd2 Bxa1 12. Qxa1 0-0 13. Bc3 Re8+ 14. Kf1 Re4 15. Bd5 Re6 16. Bxe6 dxe6 17. Bxg7 Qxd6 18. h4 e5 19. Bxe5 Qd3+ 20. Kg1 Nc6 21. Bh8 Qg6 22. h5 Qh6 23. Rh4 Be6 24. g4 Rd8 25. g5 Qf8 26. h6 Rd3 27. Rf4 b5 28. Nh2 Rd5 29. Qf6 Nd4 30. Kg2 Rd6 0-1

[Event "IECG QA.2003.0.00032 email"]
[Site "IECG email"]
[Date "2002.12.30"]
[Round "2"]
[White "Sharapan, Dmitry"]
[Black "Lamar, Eriq"]
[Result "0-1"]
[WhiteElo "2150"]
[BlackElo "2100"]
[PlyCount "52"]
[EventDate "2003.02.05"]
[EventType "tourn (corr)"]
[EventRounds "6"]
[SourceTitle "Corr 2008"]
[Source "ChessBase"]
[SourceDate "2008.06.24"]
[SourceVersion "1"]
[SourceVersionDate "2008.06.24"]
[SourceQuality "1"]

1. d4 Nf6 2. Bg5 e6 3. e4 h6 4. Bxf6 Qxf6 5. Nc3 Bb4 6. Qd2 c5 7. a3 Bxc3 8. bxc3 d6 9. Nf3 Nd7 10. Be2 0-0 11. 0-0 b6 12. Ne1 Bb7 13. Qe3 Qg6 14. f3 f5 15. Bb5 Rf7 16. exf5 Qxf5 17. a4 e5 18. Bxd7 Rxd7 19. Nd3 c4 20. Nf2 Re8 21. Ng4 Qxc2 22. Rad1 Qxa4 23. f4 Qc2 24. d5 Rf7 25. Qg3 exf4 26. Nxh6+ Kh7 0-1

[Event "IECG TE.2002.P.01107 email"]
[Site "IECG email"]
[Date "2002.12.30"]
[Round "?"]
[White "Sharapan, Dmitry"]
[Black "Martinez Bejarano, Xavier Augusto"]
[Result "0-1"]
[WhiteElo "2150"]
[BlackElo "1623"]
[PlyCount "36"]
[EventDate "2002.12.30"]
[EventType "tourn (corr)"]
[EventRounds "10"]
[SourceTitle "Corr 2008"]
[Source "ChessBase"]
[SourceDate "2008.06.24"]
[SourceVersion "1"]
[SourceVersionDate "2008.06.24"]
[SourceQuality "1"]

1. d4 Nf6 2. c4 c5 3. d5 e6 4. Nc3 exd5 5. cxd5 d6 6. e4 g6 7. f3 Bg7 8. Bg5 Nbd7 9. Nge2 0-0 10. Qd2 Re8 11. Ng3 a6 12. Be2 b5 13. 0-0 Rb8 14. a4 b4 15. Nd1 Qe7 16. Ne3 h6 17. Ngf5 gxf5 18. Nxf5 Qf8 0-1

[Event "IECG CA.2002.0.00070 email"]
[Site "IECG email"]
[Date "2002.10.12"]
[Round "?"]
[White "Groffen, Hans"]
[Black "Sharapan, Dmitry"]
[Result "1-0"]
[WhiteElo "2023"]
[BlackElo "2150"]
[PlyCount "51"]
[EventDate "2002.10.02"]
[EventType "tourn (corr)"]
[EventRounds "6"]
[SourceTitle "Corr 2008"]
[Source "ChessBase"]
[SourceDate "2008.06.24"]
[SourceVersion "1"]
[SourceVersionDate "2008.06.24"]
[SourceQuality "1"]

1. d4 Nf6 2. Nf3 d5 3. c4 dxc4 4. Nc3 c6 5. a4 Na6 6. e4 Bg4 7. Bxc4 Bxf3 8. gxf3 e6 9. Be3 Nb4 10. 0-0 a5 11. Qe2 Be7 12. Kh1 0-0 13. Rg1 g6 14. Rad1 Qc7 15. f4 Rfd8 16. b3 Rd7 17. Qf3 Rad8 18. f5 exf5 19. Qxf5 Kh8 20. Qf3 Kg7 21. Bf4 Qb6 22. Be5 Nc2 23. d5 Na3 24. Bd4 c5 25. Be5 Nxc4 26. bxc4 1-0

[Event "IECG CA.2002.0.00070 email"]
[Site "IECG email"]
[Date "2002.09.25"]
[Round "?"]
[White "Sharapan, Dmitry"]
[Black "Andersen, Lars Kirstein"]
[Result "0-1"]
[WhiteElo "2150"]
[BlackElo "2100"]
[PlyCount "76"]
[EventDate "2002.10.02"]
[EventType "tourn (corr)"]
[EventRounds "6"]
[SourceTitle "Corr 2008"]
[Source "ChessBase"]
[SourceDate "2008.06.24"]
[SourceVersion "1"]
[SourceVersionDate "2008.06.24"]
[SourceQuality "1"]

1. e4 c5 2. c3 d5 3. exd5 Qxd5 4. d4 Nf6 5. Nf3 e6 6. Be2 cxd4 7. cxd4 Nc6 8. 0-0 Be7 9. Nc3 Qd6 10. Nb5 Qd8 11. Bf4 Nd5 12. Bg3 a6 13. Nc3 Nf6 14. a3 0-0 15. Rc1 b6 16. Bd3 Bb7 17. Bb1 b5 18. Qd3 g6 19. Ba2 Nh5 20. d5 Nxg3 21. fxg3 b4 22. Qe3 bxc3 23. dxc6 Bxc6 24. Rxc3 Bxf3 25. gxf3 a5 26. Rfc1 Bg5 27. f4 Bf6 28. Rd3 Qe7 29. Rb3 Rfb8 30. Qe4 Qa7+ 31. Kg2 Bxb2 32. Rf1 Rxb3 33. Bxb3 Bxa3 34. g4 Rd8 35. f5 Rd2+ 36. Kf3 Rd4 37. Qe2 Qb7+ 38. Kg3 Bd6+ 0-1